[Event "Rated Blitz game"]
[Site "?"]
[Date "2021.02.04"]
[Round "?"]
[White "vogelj"]
[Black "Jomajo"]
[Result "0-1"]
[WhiteElo "2431"]
[BlackElo "2616"]
[PlyCount "118"]
[EventDate "2021.??.??"]
[EventType "blitz"]

1. e4 e5 2. Nf3 d5 3. Nxe5 Bd6 4. d4 dxe4 5. Nc4 Nf6 6. Nc3 h6 7. Be2 O-O 8.
O-O Nc6 9. Re1 Nxd4 10. Nxd6 Qxd6 11. Bf1 Re8 12. h3 a6 13. a4 c5 14. a5 Bf5
15. Na4 Rad8 16. Nb6 e3 17. Bxe3 Nxc2 18. Qxd6 Rxd6 19. Red1 Rxd1 20. Rxd1 Nxe3
21. fxe3 Rxe3 22. Nc4 Re7 23. Rd8+ Kh7 24. Nd6 Be4 25. Rf8 Kg6 26. Bc4 Bd5 27.
Bd3+ Ne4 28. Rb8 f5 29. Nc4 h5 30. h4 Kf7 31. Rh8 g6 32. Rh7+ Kf6 33. Rh8 Bc6
34. Rf8+ Kg7 35. Rc8 Rd7 36. Ne5 Rd6 37. Bc4 Kf6 38. Nf3 Nd2 39. Rf8+ Ke7 40.
Rf7+ Ke8 41. Nxd2 Rxd2 42. g3 Rg2+ 43. Kf1 Rxg3 44. Rf6 Rg4 45. Kf2 Rxc4 46.
Rxg6 Rf4+ 47. Kg3 Re4 48. Rf6 Rg4+ 49. Kh3 f4 50. Rf5 f3 51. Rxh5 Rg1 52. Rf5
Ke7 53. h5 Ke6 54. Rf8 Rh1+ 55. Kg3 Rxh5 56. Kf2 Re5 57. Rh8 Re2+ 58. Kg3 Rxb2
59. Rf8 Kd5 {Time forfeit} 0-1

[Event "Rated Blitz tournament d3bhFIdD"]
[Site "?"]
[Date "2021.02.04"]
[Round "?"]
[White "SFA_Gang"]
[Black "VVV-31"]
[Result "1-0"]
[WhiteElo "2508"]
[BlackElo "2321"]
[PlyCount "107"]
[EventDate "2021.??.??"]
[EventType "blitz"]

1. e4 e5 2. Nf3 d5 3. d4 dxe4 4. Nxe5 Bd6 5. Nc4 Nf6 6. Nxd6+ Qxd6 7. c3 h6 8.
Nd2 O-O 9. Nc4 Qe7 10. Be2 Rd8 11. O-O Bf5 12. Bf4 c5 13. Qb3 cxd4 14. cxd4 Nc6
15. Be5 Nxd4 16. Bxd4 Rxd4 17. Ne3 Be6 18. Qc3 Rad8 19. Rad1 Rxd1 20. Rxd1
Rxd1+ 21. Bxd1 Qd7 22. Be2 a6 23. a3 Nd5 24. Qd4 Nxe3 25. Qxe3 f5 26. g3 Kh7
27. h4 g6 28. b4 Kg7 29. Qc5 Kf7 30. Qe5 Qd5 31. Qh8 h5 32. Qh7+ Kf6 33. Qh8+
Kf7 34. Qh7+ Kf6 35. Qh6 Kf7 36. Qe3 Bd7 37. Qc3 Bc6 38. Bc4 Ke6 39. Bxd5+ Bxd5
40. Qc5 Ke5 41. a4 f4 42. gxf4+ Ke6 43. a5 e3 44. Qxe3+ Kd6 45. Qe5+ Kc6 46. f5
gxf5 47. Qxf5 Bf3 48. Qxf3+ Kb5 49. Qxh5+ Kxb4 50. Qe5 b5 51. axb6 a5 52. b7 a4
53. b8=Q+ Ka3 54. Qa1# {Normal} 1-0

[Event "Rated Blitz game"]
[Site "?"]
[Date "2021.02.04"]
[Round "?"]
[White "SuperJesus88"]
[Black "ChessBoys"]
[Result "1-0"]
[WhiteElo "2526"]
[BlackElo "2471"]
[PlyCount "80"]
[EventDate "2021.??.??"]
[EventType "blitz"]

1. e4 e5 2. Nf3 d5 3. Nxe5 dxe4 4. d4 Bd6 5. Nc3 Bxe5 6. dxe5 Qxd1+ 7. Nxd1 Bf5
8. Bf4 Nc6 9. Ne3 Bg6 10. Bb5 O-O-O 11. Bxc6 bxc6 12. h4 h6 13. h5 Bh7 14. Ke2
Ne7 15. Rad1 Nd5 16. Bg3 Nb4 17. a3 Nd5 18. c4 Nb6 19. b3 a5 20. a4 c5 21.
Rxd8+ Rxd8 22. Rd1 Rd3 23. Rxd3 exd3+ 24. Kd2 Nd7 25. f3 Nf8 26. Bf2 Ne6 27.
Nd5 c6 28. Ne3 Nd4 29. Kc3 Ne2+ 30. Kd2 Nf4 31. g4 Ne6 32. Ng2 Nd4 33. Bxd4
cxd4 34. Ne1 Kd7 35. Nxd3 Ke6 36. f4 Bxd3 37. Kxd3 g5 38. fxg5 hxg5 39. h6 f5
40. gxf5+ Kxe5 {Normal} 1-0

[Event "Rated Blitz game"]
[Site "?"]
[Date "2021.02.04"]
[Round "?"]
[White "hungzhao"]
[Black "Jomajo"]
[Result "1-0"]
[WhiteElo "2644"]
[BlackElo "2663"]
[PlyCount "125"]
[EventDate "2021.??.??"]
[EventType "blitz"]

1. e4 e5 2. Nf3 d5 3. d3 dxe4 4. dxe4 Qxd1+ 5. Kxd1 Bg4 6. h3 Bh5 7. Be3 f6 8.
Nbd2 Nd7 9. Bc4 Bc5 10. Ke2 Bxe3 11. Kxe3 Ne7 12. Rhd1 Bf7 13. a4 Bxc4 14. Nxc4
O-O-O 15. b4 Nf8 16. Rxd8+ Kxd8 17. Rd1+ Kc8 18. c3 Ne6 19. g3 Rd8 20. Rxd8+
Kxd8 21. h4 h5 22. Nfd2 Kd7 23. Nb3 b6 24. Ke2 Nc8 25. Ne3 Nd6 26. Nd2 c6 27.
Nf5 g6 28. Nxd6 Kxd6 29. Nc4+ Ke7 30. Ke3 Nc7 31. f4 Ke6 32. Nd2 Ne8 33. fxe5
fxe5 34. Nf3 Nd6 35. Ng5+ Kf6 36. Kd3 c5 37. b5 c4+ 38. Kc2 Nb7 39. Kb2 Nc5 40.
Ka3 Nd3 41. a5 Ke7 42. a6 Kf6 43. Nf3 Nc5 44. Nd2 g5 45. Kb4 gxh4 46. gxh4 Ke6
47. Kxc4 Kd6 48. Kb4 Ke6 49. Nc4 Nd7 50. Nd2 Nc5 51. Kc4 Kd6 52. Kb4 Ke6 53. c4
Kd6 54. Kc3 Ne6 55. Nb3 Nf4 56. c5+ bxc5 57. b6 Ne6 58. b7 Kc7 59. Kc4 Nd8 60.
Nxc5 Nc6 61. Kd5 Nb8 62. Kxe5 Kc6 63. Kd4 {Normal} 1-0

[Event "Rated Blitz game"]
[Site "?"]
[Date "2021.02.04"]
[Round "?"]
[White "patzer001"]
[Black "Schachelite"]
[Result "1-0"]
[WhiteElo "2444"]
[BlackElo "2411"]
[PlyCount "115"]
[EventDate "2021.??.??"]
[EventType "blitz"]

1. e4 e5 2. Nf3 d5 3. Bd3 dxe4 4. Bxe4 f5 5. Nxe5 Qf6 6. Qe2 Qxe5 7. Bf3 Qxe2+
8. Bxe2 Nf6 9. O-O Nc6 10. Nc3 Bd6 11. Bc4 Ne5 12. Re1 Kf8 13. Bb3 c6 14. d4
Ned7 15. Bg5 h6 16. Bd2 Nb6 17. Re2 Nbd5 18. Rae1 Bd7 19. Nd1 Re8 20. c4 Nf4
21. Rxe8+ Bxe8 22. Bc2 Bd7 23. Ne3 g6 24. g3 Ne6 25. Bc3 Kf7 26. d5 cxd5 27.
Nxd5 Be7 28. b4 Re8 29. Nxe7 Rxe7 30. Bb3 Ne4 31. Bb2 a6 32. c5 Bc6 33. Be5 Ke8
34. Bd6 N6g5 35. Re3 Nxd6 36. cxd6 Rxe3 37. fxe3 Kd7 38. Bf7 Nxf7 39. Kf2 Kxd6
40. Ke2 Ke5 41. Kd3 Ng5 42. h4 Ne4 43. g4 fxg4 44. Ke2 g3 45. Kf3 h5 46. Kg2
Kf5 47. Kh3 Bd5 48. Kg2 Kg4 49. b5 Nf2+ 50. Kg1 Nh3+ 51. Kf1 g2+ 52. Ke2 g1=Q
53. Kd3 Qf2 54. Kd4 Qe2 55. Ke5 Qd3 56. Kd6 Qe4 57. Kc7 Bc4 58. Kb8 {Time
forfeit} 1-0

[Event "Rated Blitz game"]
[Site "?"]
[Date "2021.02.04"]
[Round "?"]
[White "Impreg"]
[Black "Schachelite"]
[Result "1-0"]
[WhiteElo "2442"]
[BlackElo "2420"]
[PlyCount "85"]
[EventDate "2021.??.??"]
[EventType "blitz"]

1. e4 e5 2. Nf3 d5 3. exd5 e4 4. Qe2 Nf6 5. d3 Qxd5 6. dxe4 Qxe4 7. Nbd2 Qxe2+
8. Bxe2 Nc6 9. O-O Bf5 10. c3 O-O-O 11. Nc4 Bc5 12. Be3 Bxe3 13. Nxe3 Bg6 14.
Rfd1 Rhe8 15. Nh4 Rxd1+ 16. Rxd1 Rd8 17. Nxg6 Rxd1+ 18. Bxd1 hxg6 19. g3 Kd7
20. Bf3 Nd8 21. Kf1 c6 22. Ke2 Ne6 23. Nc4 Ke7 24. Na5 Nd8 25. b4 Kd6 26. Kd3
b6 27. Nc4+ Ke7 28. Ne5 Kd6 29. Nc4+ Ke7 30. a4 Nd7 31. a5 bxa5 32. Nxa5 Kd6
33. Bg2 g5 34. c4 c5 35. b5 Ne5+ 36. Ke4 g6 37. h3 f5+ 38. Ke3 Kc7 39. Bd5 Kb6
40. Nb3 Kc7 41. f4 Kd6 42. fxe5+ Kxe5 43. Nxc5 {Normal} 1-0

[Event "Rated Blitz game"]
[Site "?"]
[Date "2021.02.04"]
[Round "?"]
[White "AvangardTernopil"]
[Black "RiskyBlitzer"]
[Result "0-1"]
[WhiteElo "2217"]
[BlackElo "2412"]
[PlyCount "36"]
[EventDate "2021.??.??"]
[EventType "blitz"]

1. e4 e5 2. Nf3 d5 3. Nxe5 dxe4 4. d4 Bd6 5. Nc4 Nc6 6. Nxd6+ Qxd6 7. c3 Nf6 8.
Be2 O-O 9. Be3 Nd5 10. Bg5 h6 11. Bh4 f5 12. c4 Qb4+ 13. Nd2 Nf4 14. O-O Nxd4
15. Bh5 Nxh5 16. Qxh5 Qxd2 17. Rfd1 Qe2 18. Qg6 Ne6 {Normal} 0-1

[Event "Rated Blitz game"]
[Site "?"]
[Date "2021.02.04"]
[Round "?"]
[White "Backofen01"]
[Black "barbus89"]
[Result "0-1"]
[WhiteElo "2533"]
[BlackElo "2429"]
[PlyCount "52"]
[EventDate "2021.??.??"]
[EventType "blitz"]

1. e4 e5 2. Nf3 d5 3. exd5 e4 4. Qe2 Nf6 5. Nc3 Be7 6. Nxe4 O-O 7. d3 Nxd5 8.
Qd1 Re8 9. Be2 f5 10. Nc3 Bb4 11. Bd2 Bxc3 12. Bxc3 Qe7 13. Be5 Qb4+ 14. c3
Qxb2 15. O-O Rxe5 16. Nxe5 Nxc3 17. Qb3+ Qxb3 18. axb3 Nxe2+ 19. Kh1 Nd4 20. b4
Nbc6 21. Nxc6 Nxc6 22. b5 Nd4 23. Rfb1 Bd7 24. b6 cxb6 25. Rxb6 axb6 26. Rxa8+
Kf7 {Normal} 0-1

[Event "Rated Blitz tournament UbkpPhmP"]
[Site "?"]
[Date "2021.02.04"]
[Round "?"]
[White "ivan1414"]
[Black "Schachelite"]
[Result "0-1"]
[WhiteElo "2369"]
[BlackElo "2402"]
[PlyCount "24"]
[EventDate "2021.??.??"]
[EventType "blitz"]

1. e4 e5 2. Nf3 d5 3. exd5 e4 4. Qe2 Nf6 5. Nc3 Be7 6. Nxe4 O-O 7. d3 Re8 8.
Be3 Nxd5 9. c4 Bb4+ 10. Kd1 Nxe3+ 11. Qxe3 f5 12. a3 fxe4 {Normal} 0-1

[Event "Rated Blitz game"]
[Site "?"]
[Date "2021.02.04"]
[Round "?"]
[White "BeReadyToLose"]
[Black "FTR_BBC"]
[Result "0-1"]
[WhiteElo "2461"]
[BlackElo "2362"]
[PlyCount "100"]
[EventDate "2021.??.??"]
[EventType "blitz"]

1. e4 e5 2. Nf3 d5 3. exd5 e4 4. Qe2 Be7 5. Qxe4 Nf6 6. Qa4+ Nbd7 7. c4 O-O 8.
Be2 a5 9. O-O b5 10. Qc2 bxc4 11. Nc3 Nb6 12. d3 cxd3 13. Bxd3 Nfxd5 14. Bxh7+
Kh8 15. Be4 Bb7 16. Rd1 c6 17. Nd4 Bf6 18. Nb3 Qe7 19. Nxd5 cxd5 20. Bd3 Rac8
21. Qe2 Qxe2 22. Bxe2 a4 23. Na5 Ba8 24. Be3 Nc4 25. Nxc4 dxc4 26. Rac1 Bxb2
27. Rxc4 Rxc4 28. Bxc4 a3 29. f3 Bc6 30. Rd6 Ba4 31. Ra6 Bc2 32. Kf2 Kg8 33.
Ra7 Be5 34. f4 Bb2 35. g4 Bg6 36. f5 Bh7 37. Bc5 Rc8 38. Bxf7+ Kh8 39. Bxa3
Bd4+ 40. Kf3 Bxa7 41. Bd6 Rc3+ 42. Ke4 Bg8 43. Be5 Rc2 44. Be6 Bxe6 45. fxe6
Kg8 46. Bd6 Rxa2 47. Kf5 Rd2 48. Bb4 Rf2+ 49. Ke4 Rxh2 50. g5 g6 {Normal} 0-1

[Event "Rated Blitz game"]
[Site "?"]
[Date "2021.02.04"]
[Round "?"]
[White "vogelj"]
[Black "Jomajo"]
[Result "0-1"]
[WhiteElo "2420"]
[BlackElo "2628"]
[PlyCount "92"]
[EventDate "2021.??.??"]
[EventType "blitz"]

1. e4 e5 2. Nf3 d5 3. Nxe5 Bd6 4. d4 dxe4 5. Nc4 Nf6 6. Be2 h6 7. Nc3 O-O 8.
Be3 Nc6 9. Qd2 Ne7 10. d5 Bb4 11. O-O-O Nexd5 12. Bd4 Nxc3 13. bxc3 Be7 14. Qf4
Qe8 15. Qxc7 Be6 16. Nd6 Qd7 17. Qxd7 Nxd7 18. Nxb7 Ba3+ 19. Kd2 Bd5 20. Na5
Rac8 21. Ba6 Rb8 22. Rb1 Nb6 23. Ke2 f5 24. Rhd1 f4 25. Bxb6 axb6 26. Rxd5 bxa5
27. Rxa5 Rxb1 28. Rxa3 Rb2 29. Bc4+ Kh8 30. Bb3 Rb1 31. Ra4 f3+ 32. gxf3 exf3+
33. Ke3 Re1+ 34. Kd2 Re2+ 35. Kd3 Rxf2 36. h4 Rh2 37. Bc4 Rxh4 38. Ra7 Rxc4 39.
Kxc4 f2 40. a4 f1=Q+ 41. Kb4 Qf4+ 42. c4 Qd6+ 43. Kc3 Qc5 44. Rb7 Rf3+ 45. Kb2
Qa3+ 46. Kb1 Rf1# {Normal} 0-1

[Event "Rated Blitz game"]
[Site "?"]
[Date "2021.02.04"]
[Round "?"]
[White "NguyenDucHoa"]
[Black "Jomajo"]
[Result "1-0"]
[WhiteElo "2540"]
[BlackElo "2633"]
[PlyCount "27"]
[EventDate "2021.??.??"]
[EventType "blitz"]

1. e4 e5 2. Nf3 d5 3. d4 dxe4 4. Nxe5 Bd6 5. Nc4 Nf6 6. Be2 Nc6 7. O-O Nxd4 8.
Bg5 Be7 9. Nc3 Bf5 10. Bxf6 Bxf6 11. Bg4 O-O 12. Bxf5 Nxf5 13. Nxe4 Bxb2 14.
Nxb2 {Normal} 1-0

[Event "Rated Blitz tournament PD9L0sDs"]
[Site "?"]
[Date "2021.02.04"]
[Round "?"]
[White "joflo"]
[Black "Maltinho"]
[Result "0-1"]
[WhiteElo "2485"]
[BlackElo "2547"]
[PlyCount "82"]
[EventDate "2021.??.??"]
[EventType "blitz"]

1. e4 e5 2. Nf3 d5 3. d3 Bd6 4. exd5 Nf6 5. Be2 Nxd5 6. O-O O-O 7. a3 Nc6 8. b4
Nf4 9. Bxf4 exf4 10. Nbd2 Qf6 11. Ne4 Qg6 12. Nxd6 cxd6 13. Re1 Bh3 14. Bf1
Rfe8 15. Qd2 Bg4 16. Qxf4 Bxf3 17. Qxf3 Nd4 18. Rxe8+ Rxe8 19. Qxb7 Nxc2 20.
Rc1 Nd4 21. Qxa7 Nf3+ 22. Kh1 Qh6 23. gxf3 Qxc1 24. Kg2 Qg5+ 25. Kh1 h5 26. d4
Re1 27. Qa6 h4 28. h3 Qf4 29. Kg2 Re6 30. Bd3 g6 31. Qc8+ Kg7 32. d5 Re5 33.
Be4 Rg5+ 34. Kf1 Qf6 35. Qc1 Rh5 36. b5 Qd4 37. a4 Qxa4 38. Qb2+ Kh7 39. b6
Qa6+ 40. Kg2 Rg5+ 41. Kh2 Qf1 {Normal} 0-1

[Event "Rated Blitz tournament uhx5ALWN"]
[Site "?"]
[Date "2021.02.04"]
[Round "?"]
[White "chinanudeln"]
[Black "Mettigel"]
[Result "0-1"]
[WhiteElo "2267"]
[BlackElo "2491"]
[PlyCount "50"]
[EventDate "2021.??.??"]
[EventType "blitz"]

1. e4 e5 2. Nf3 d5 3. Nxe5 Bd6 4. d4 dxe4 5. Bc4 Bxe5 6. Qh5 Qe7 7. Qxe5 Qxe5
8. dxe5 Nc6 9. Nc3 Bf5 10. e6 fxe6 11. Bf4 O-O-O 12. O-O Nf6 13. Rae1 Rhe8 14.
h3 a6 15. g4 Bg6 16. g5 Nh5 17. Bh2 Nd4 18. Kg2 Nxc2 19. Re2 Nd4 20. Re3 Nf5
21. Rxe4 e5 22. Rxe5 Rxe5 23. Bxe5 Re8 24. f4 Ne3+ 25. Kf2 Nxc4 {Normal} 0-1

[Event "Rated Rapid game"]
[Site "?"]
[Date "2021.02.04"]
[Round "?"]
[White "Ufo84"]
[Black "Autumnal"]
[Result "1-0"]
[WhiteElo "2403"]
[BlackElo "2314"]
[PlyCount "25"]
[EventDate "2021.??.??"]
[EventType "rapid"]

1. e4 e5 2. Nf3 d5 3. exd5 Bd6 4. c4 c6 5. dxc6 Nxc6 6. Nc3 f5 7. d3 Nf6 8. Be2
O-O 9. O-O e4 10. dxe4 fxe4 11. Ng5 Qe7 12. Nd5 Qe5 13. Bf4 {Normal} 1-0

[Event "Rated Blitz game"]
[Site "?"]
[Date "2021.02.04"]
[Round "?"]
[White "vogelj"]
[Black "Jomajo"]
[Result "0-1"]
[WhiteElo "2413"]
[BlackElo "2634"]
[PlyCount "60"]
[EventDate "2021.??.??"]
[EventType "blitz"]

1. e4 e5 2. Nf3 d5 3. Nxe5 Bd6 4. d4 dxe4 5. Nc4 Nf6 6. Be2 O-O 7. O-O Nc6 8.
c3 h6 9. Nba3 Be7 10. Ne3 Nd5 11. Nxd5 Qxd5 12. Bf4 Bxa3 13. bxa3 Qa5 14. Qc1
Ne7 15. Rb1 Ng6 16. Rb5 Qa4 17. Bxc7 Be6 18. Rxb7 Rfc8 19. Bg3 Qc6 20. Rb5 f5
21. Rc5 Qb6 22. h4 Rxc5 23. dxc5 Qxc5 24. h5 Ne5 25. Rd1 Rc8 26. Qf4 Nf7 27.
Rb1 Qxc3 28. Rb7 Qe1+ 29. Bf1 Rc1 30. Rb8+ Kh7 {Normal} 0-1

[Event "Rated Blitz game"]
[Site "?"]
[Date "2021.02.04"]
[Round "?"]
[White "Rekcul"]
[Black "Jomajo"]
[Result "0-1"]
[WhiteElo "2628"]
[BlackElo "2625"]
[PlyCount "32"]
[EventDate "2021.??.??"]
[EventType "blitz"]

1. e4 e5 2. Nf3 d5 3. exd5 e4 4. Qe2 Qe7 5. Nd4 Nf6 6. Nc3 Qe5 7. Ndb5 a6 8. d4
Qe7 9. Na3 b5 10. Bg5 b4 11. d6 Qe6 12. d5 Nxd5 13. dxc7 bxc3 14. cxb8=Q Rxb8
15. Nc4 cxb2 16. Rd1 b1=Q {Normal} 0-1

[Event "Rated Blitz game"]
[Site "?"]
[Date "2021.02.04"]
[Round "?"]
[White "Belgiumcat"]
[Black "CzechProphylaxis"]
[Result "1-0"]
[WhiteElo "2494"]
[BlackElo "2356"]
[PlyCount "63"]
[EventDate "2021.??.??"]
[EventType "blitz"]

1. e4 e5 2. Nf3 d5 3. exd5 Bd6 4. d4 e4 5. Ne5 Nf6 6. c4 c5 7. dxc6 Nxc6 8.
Nxc6 bxc6 9. Nc3 Rb8 10. Be2 O-O 11. O-O Qc7 12. h3 Bf5 13. b3 h6 14. Be3 Rfe8
15. Qd2 Rbd8 16. Rad1 Bg6 17. Rfe1 Nh5 18. Qc1 Bh2+ 19. Kh1 Bd6 20. c5 Bf8 21.
d5 cxd5 22. Nxd5 Qe5 23. Qc4 Kh7 24. Rd2 f5 25. Bxh5 Bxh5 26. Nf4 Rxd2 27. Bxd2
Bg6 28. Nxg6 Kxg6 29. c6 Rc8 30. Be3 Qd6 31. Rc1 f4 32. Qxe4+ {Normal} 1-0

[Event "Rated Blitz game"]
[Site "?"]
[Date "2021.02.04"]
[Round "?"]
[White "vogelj"]
[Black "Jomajo"]
[Result "0-1"]
[WhiteElo "2418"]
[BlackElo "2628"]
[PlyCount "80"]
[EventDate "2021.??.??"]
[EventType "blitz"]

1. e4 e5 2. Nf3 d5 3. Nxe5 Bd6 4. d4 dxe4 5. Nc4 Nf6 6. Be2 h6 7. O-O Nc6 8. c3
O-O 9. Nba3 Re8 10. Nxd6 cxd6 11. Bf4 Nd5 12. Bg3 f5 13. Qc1 Rf8 14. f4 Nb6 15.
Nc2 Be6 16. Ne3 Nd5 17. Bc4 Nce7 18. Qd2 Qd7 19. Bb3 a5 20. Nxd5 Bxd5 21. Bc2
Bc4 22. Rfe1 a4 23. b3 Bf7 24. bxa4 Nd5 25. c4 Nb6 26. Bb3 Nxc4 27. Qb4 d5 28.
Rac1 Rfe8 29. Qb5 Qc7 30. Bxc4 dxc4 31. Qxf5 Qc6 32. Qg4 Rxa4 33. f5 Ra5 34.
Be5 Raxe5 35. dxe5 Rxe5 36. f6 g5 37. Qe2 c3 38. Rf1 e3 39. Qc2 e2 40. Rfe1 Re3
{Time forfeit} 0-1

[Event "Rated Blitz tournament vy8uCdrI"]
[Site "?"]
[Date "2021.02.04"]
[Round "?"]
[White "Titico2020"]
[Black "Chesspirate_Channel"]
[Result "1-0"]
[WhiteElo "2451"]
[BlackElo "2429"]
[PlyCount "91"]
[EventDate "2021.??.??"]
[EventType "blitz"]

1. e4 e5 2. Nf3 d5 3. d3 dxe4 4. dxe4 Qxd1+ 5. Kxd1 f6 6. Nc3 c6 7. Bd3 Be6 8.
Ke2 Nd7 9. Be3 Bc5 10. Rad1 Bxe3 11. Kxe3 Ne7 12. Nh4 Kf7 13. g3 g6 14. f4 Nc5
15. Rhf1 Bg4 16. Rd2 Nxd3 17. cxd3 exf4+ 18. Rxf4 h5 19. Rdf2 g5 20. Rxf6+ Ke8
21. Ng6 Nxg6 22. Rxg6 Rf8 23. Rxg5 Rxf2 24. Kxf2 Ke7 25. Rg7+ Kf6 26. Rxb7 Ke5
27. Ne2 Rf8+ 28. Nf4 Kd4 29. Rxa7 c5 30. Ra4+ Ke5 31. Ke3 Rb8 32. b3 Rb5 33.
Ra7 Bc8 34. Ra8 Bb7 35. Re8+ Kd6 36. e5+ Kc7 37. Re7+ Kb6 38. e6 Ra5 39. Rd7 c4
40. e7 Re5+ 41. Kd4 Re1 42. dxc4 Ba6 43. Nd5+ Ka5 44. Ra7 h4 45. b4+ Ka4 46.
Rxa6# {Normal} 1-0

[Event "Rated Blitz game"]
[Site "?"]
[Date "2021.02.04"]
[Round "?"]
[White "vogelj"]
[Black "Jomajo"]
[Result "0-1"]
[WhiteElo "2424"]
[BlackElo "2623"]
[PlyCount "48"]
[EventDate "2021.??.??"]
[EventType "blitz"]

1. e4 e5 2. Nf3 d5 3. Nxe5 Bd6 4. d4 dxe4 5. Nc4 Nf6 6. Be2 O-O 7. O-O Nc6 8.
c3 h6 9. Be3 Nd5 10. Nxd6 cxd6 11. c4 Nde7 12. Nc3 f5 13. h4 f4 14. Bc1 f3 15.
gxf3 Nf5 16. Nxe4 Ncxd4 17. Ng3 Nxe2+ 18. Qxe2 Nxh4 19. f4 Qd7 20. Qe4 Qg4 21.
Be3 Bd7 22. Rad1 Bc6 23. Rd5 Rae8 24. Qh1 Rxe3 {Normal} 0-1

[Event "Rated Blitz game"]
[Site "?"]
[Date "2021.02.04"]
[Round "?"]
[White "vogelj"]
[Black "Jomajo"]
[Result "0-1"]
[WhiteElo "2437"]
[BlackElo "2610"]
[PlyCount "25"]
[EventDate "2021.??.??"]
[EventType "blitz"]

1. e4 e5 2. Nf3 d5 3. Nxe5 Bd6 4. d4 dxe4 5. Nc4 Nf6 6. Nc3 h6 7. Be2 O-O 8.
O-O Nc6 9. Nb5 Nd5 10. Nbxd6 cxd6 11. Ne3 Nf4 12. Bb5 Qg5 13. Kh1 {Normal} 0-1

[Event "Rated Blitz tournament UbkpPhmP"]
[Site "?"]
[Date "2021.02.04"]
[Round "?"]
[White "lelys"]
[Black "Schachelite"]
[Result "0-1"]
[WhiteElo "2544"]
[BlackElo "2412"]
[PlyCount "82"]
[EventDate "2021.??.??"]
[EventType "blitz"]

1. e4 e5 2. Nf3 d5 3. Nxe5 Bd6 4. d4 dxe4 5. Nc3 Nf6 6. Bg5 O-O 7. Bc4 Be7 8.
Bxf6 Bxf6 9. Nxe4 Bxe5 10. dxe5 Qe7 11. Qh5 Qb4+ 12. Nd2 Qxb2 13. O-O Nc6 14.
Nf3 Qxc2 15. Rac1 Qg6 16. Qh4 Bg4 17. Bd5 Bxf3 18. Bxf3 Nxe5 19. Be4 f5 20.
Bxb7 Rab8 21. Bd5+ Kh8 22. Kh1 c6 23. Bb3 Rbc8 24. Rc3 f4 25. Bc2 Qh6 26. Qxh6
gxh6 27. Rc5 Rfe8 28. f3 Kg7 29. Kg1 Kf6 30. Rd1 Rcd8 31. Ra5 Rxd1+ 32. Bxd1
Re7 33. Bc2 Rd7 34. Be4 Rc7 35. g3 fxg3 36. hxg3 c5 37. Kf2 c4 38. f4 Nf7 39.
Ra6+ Kg7 40. Ke3 c3 41. Bc2 Re7+ {Time forfeit} 0-1

[Event "Rated Blitz game"]
[Site "?"]
[Date "2021.02.04"]
[Round "?"]
[White "zergeater"]
[Black "ALJoNiKz76"]
[Result "1-0"]
[WhiteElo "2346"]
[BlackElo "2495"]
[PlyCount "73"]
[EventDate "2021.??.??"]
[EventType "blitz"]

1. e4 e5 2. Nf3 d5 3. exd5 e4 4. Qe2 Nf6 5. Nc3 Be7 6. Nxe4 O-O 7. d3 Qxd5 8.
g3 Bg4 9. Bg2 Nc6 10. O-O Qh5 11. c3 Ne5 12. Neg5 Nfd7 13. h3 Nxf3+ 14. Nxf3
Be6 15. Re1 Bf6 16. Ng5 Qxe2 17. Rxe2 Bxg5 18. Bxg5 c6 19. b3 h6 20. Bf4 Rfd8
21. Bc7 Rdc8 22. Bd6 Nf6 23. d4 Nd5 24. c4 Nf6 25. Rae1 Rd8 26. Be5 Nd7 27. Bc7
Rdc8 28. Bd6 Nf6 29. Be7 Nd7 30. d5 cxd5 31. cxd5 Bf5 32. g4 Bd3 33. Re3 Ba6
34. Bb4 Rc2 35. Re8+ Rxe8 36. Rxe8+ Kh7 37. Be4+ {Normal} 1-0

[Event "Rated Rapid game"]
[Site "?"]
[Date "2021.02.03"]
[Round "?"]
[White "ajbaba"]
[Black "Autumnal"]
[Result "1-0"]
[WhiteElo "2470"]
[BlackElo "2295"]
[PlyCount "53"]
[EventDate "2021.??.??"]
[EventType "rapid"]

1. e4 e5 2. Nf3 d5 3. d4 dxe4 4. Nxe5 Bd6 5. Nc4 Nf6 6. Bg5 O-O 7. Be2 Re8 8.
Nbd2 Nc6 9. c3 h6 10. Bh4 e3 11. Nxe3 g5 12. Bg3 Rxe3 13. fxe3 Bxg3+ 14. hxg3
Qd6 15. Kf2 Bf5 16. Bf3 Re8 17. g4 Qe6 18. gxf5 Qxe3+ 19. Kf1 g4 20. Bxg4 Ne7
21. Rh3 Qf4+ 22. Bf3 Nxf5 23. Kg1 Ne3 24. Qe1 Nc2 25. Qg3+ Qxg3 26. Rxg3+ Kh7
27. Rf1 {Normal} 1-0

[Event "Rated Blitz game"]
[Site "?"]
[Date "2021.02.03"]
[Round "?"]
[White "gmftorres1"]
[Black "PrawnsGambit"]
[Result "0-1"]
[WhiteElo "2503"]
[BlackElo "2334"]
[PlyCount "38"]
[EventDate "2021.??.??"]
[EventType "blitz"]

1. e4 e5 2. Nf3 d5 3. Nxe5 Bd6 4. d4 dxe4 5. Nc4 Be7 6. Nc3 Nf6 7. Bg5 O-O 8.
Be2 Bf5 9. O-O Nc6 10. d5 Nxd5 11. Qxd5 Qxd5 12. Nxd5 Bxg5 13. Nxc7 Rac8 14.
Nd5 Nd4 15. Nd6 Nxe2+ 16. Kh1 Rcd8 17. Nxf5 Rxd5 18. Ng3 Nxg3+ 19. hxg3 Rd2 {
Normal} 0-1

[Event "Rated Blitz tournament T2TLXqPz"]
[Site "?"]
[Date "2021.02.03"]
[Round "?"]
[White "Saparmyrat"]
[Black "Gendut_BKD"]
[Result "1-0"]
[WhiteElo "2552"]
[BlackElo "2383"]
[PlyCount "129"]
[EventDate "2021.??.??"]
[EventType "blitz"]

1. e4 e5 2. Nf3 d5 3. Nxe5 Bd6 4. d4 dxe4 5. Nc3 Bxe5 6. dxe5 Qxd1+ 7. Nxd1 Nc6
8. Bb5 Bd7 9. Bf4 O-O-O 10. Nc3 Nge7 11. O-O-O Ng6 12. Bg5 Rde8 13. Nxe4 Rxe5
14. Bd3 Bf5 15. f4 Rxe4 16. Bxe4 Bxe4 17. Rhe1 f5 18. g4 h6 19. gxf5 Bxf5 20.
Rd5 Rf8 21. Bxh6 gxh6 22. Rg1 Nxf4 23. Rd2 Bd7 24. Kb1 h5 25. Rf2 Ne6 26. Rxf8+
Nxf8 27. Rg8 Kd8 28. Rxf8+ Ke7 29. Rh8 Bg4 30. Rh7+ Kd6 31. h3 Bxh3 32. Rh6+
Be6 33. Rxh5 Ne5 34. a3 c5 35. Rh1 b6 36. Rd1+ Kc6 37. b3 Bf5 38. Kb2 Nf3 39.
Rf1 Be4 40. Rh1 Nd4 41. Rh6+ Kb7 42. c3 Nc6 43. b4 cxb4 44. cxb4 Bd3 45. Rh3
Bc4 46. Rh4 b5 47. Rh7+ Kb6 48. Rh6 a6 49. Kc3 a5 50. bxa5+ Kc5 51. a6 Kb6 52.
a7 Kxa7 53. Rxc6 Kb7 54. Rh6 Bf1 55. Kb4 Bc4 56. Kc5 Bf1 57. Rf6 Ka7 58. Rxf1
Kb7 59. Rf6 Ka7 60. Kxb5 Ka8 61. a4 Ka7 62. a5 Ka8 63. Rf7 Kb8 64. Kb6 Ka8 65.
Rf8# {Normal} 1-0

[Event "Rated Blitz game"]
[Site "?"]
[Date "2021.02.03"]
[Round "?"]
[White "leva1958"]
[Black "annaly1979"]
[Result "0-1"]
[WhiteElo "2495"]
[BlackElo "2366"]
[PlyCount "108"]
[EventDate "2021.??.??"]
[EventType "blitz"]

1. e4 e5 2. Nf3 d5 3. exd5 e4 4. Qe2 f5 5. d3 Nf6 6. Bg5 Be7 7. dxe4 fxe4 8.
Bxf6 Bxf6 9. Qxe4+ Kf7 10. Qb4 Re8+ 11. Be2 a5 12. Qa3 Na6 13. c3 Bf5 14. Kf1
b6 15. Nbd2 Nc5 16. Re1 Kg8 17. c4 a4 18. Qb4 Nd3 19. Bxd3 Bxd3+ 20. Kg1 Qd7
21. Re3 Bg6 22. h3 a3 23. b3 Be7 24. Qc3 Bc5 25. Rxe8+ Rxe8 26. Nd4 Re1+ 27.
Kh2 Qd6+ 28. g3 Qf6 29. N2f3 Rxh1+ 30. Kxh1 Be4 31. Kg1 Bxf3 32. Qxf3 Qxd4 33.
Kg2 h6 34. Qf5 Qf6 35. Qxf6 gxf6 36. f4 f5 37. g4 Kf7 38. Kf3 Kf6 39. Kg3 Bd6
40. Kf3 Kg6 41. Ke3 Kf6 42. Kf3 Bc5 43. Kg3 Bd4 44. Kf3 Bb2 45. Kg3 Bc1 46. Kf3
h5 47. g5+ Kg6 48. Kg3 h4+ 49. Kf3 Kh5 50. b4 Bb2 51. c5 Bc3 52. d6 cxd6 53.
cxb6 Bxb4 54. b7 d5 {Time forfeit} 0-1

[Event "Rated Blitz game"]
[Site "?"]
[Date "2021.02.03"]
[Round "?"]
[White "sosforlove"]
[Black "Jomajo"]
[Result "0-1"]
[WhiteElo "2451"]
[BlackElo "2613"]
[PlyCount "56"]
[EventDate "2021.??.??"]
[EventType "blitz"]

1. e4 e5 2. Nf3 d5 3. d3 dxe4 4. dxe4 Qxd1+ 5. Kxd1 Bg4 6. Be3 Nd7 7. Nbd2 f6
8. Bc4 O-O-O 9. Ke2 Bc5 10. Rhd1 Ne7 11. c3 c6 12. a4 Kc7 13. a5 Bxe3 14. Kxe3
Nc5 15. b4 Nd7 16. Nb3 f5 17. exf5 Nxf5+ 18. Ke4 Rhe8 19. Rxd7+ Rxd7 20. Nxe5
Nd6+ 21. Kf4 Rxe5 22. Kxe5 Nxc4+ 23. Kf4 Bh5 24. Nc5 Rf7+ 25. Kg5 Bg6 26. Re1
Nd6 27. Ne6+ Kc8 28. f3 Re7 {Normal} 0-1